00418nam a2200181Ia 4500008004100000020001800041050001400059100001900073245002500092245001900117260001500136260001600151260000900167300001500176300002700191300001000218500000800228170918s9999 xx 000 0 und d a9780439740371 bD141 2006 aDaley, Patrick aYou call that a job? cPatrick Daley. aNew York : bScholastic, c2006 a16 pages : bcolored illustration ; c23cm. a230